Vynálezca dobra čestným občanom Trnavy

Podrobná bibliografia
Hlavný autor: Radványi, Peter, 1947- (Autor)
Médium: Článok
Jazyk:slovenčina
Fyzický popis:Fotogr.
ISSN:1335-3470
Predmet:

MARC

LEADER 00000nab a2200000 a 4500
001 vtls000875336
003 SK-MaSNL
005 20260304022919.0
008 140512c2004 xo 0 slo
015 |a SNBRB2004/06-17748 
035 |a CLN000226888 
040 |a SNKBUCL  |b slo  |c SNKBUCL  |e AACR2 
041 0 |a slo 
044 |a xo  |c SK 
080 |a 681.817.6-051  |2 1997 
080 |a 929 Dopyera, John  |2 1997 
100 1 |a Radványi, Peter,  |d 1947-  |4 aut  |9 104341 
245 1 0 |a Vynálezca dobra čestným občanom Trnavy  |c Peter Radványi 
300 |b Fotogr. 
600 1 7 |a Dopyera, John,  |d 1893-1988  |2 snkbucl  |9 257512 
650 0 7 |a dobro (hudobný nástroj)  |2 snkbucl  |9 75379 
655 7 |a články z novín a časopisov  |2 snkbucl  |9 267496 
773 0 |t Kultúra  |g Roč. 7, č. 7 (2004), s. 13  |x 1335-3470 
850 |a Slovenská národná knižnica v Martine 
852 |a SNK  |b KIS3GCP 
958 |a US 
958 |a BX 
992 |a RBX 
999 |c 2613513  |d 2615443